000 01546nam a2200349 i 4500
003 DO-SdAGN
005 20260519160428.0
007 ta
008 260519e19162025dr ac||gro||||||1 |bspa ||spa|
020 _a9789945251487.
035 _a079558
040 _aDO-SdAGN
_bspa
_cDO-SdBNP
_dBNPHU
_erda
041 _aspa
082 0 _a863.42
_bC723g 2025
_222
100 4 _947510
_aColson, Jayme,
_d1863-1954
_eautor
245 0 _aEl general Babieca y Patricio Flaquenco :
_bhistoria fantástica símbolo de muchas ridículas comedias políticas /
_cJayme Colson ; cuidado de edición y corrección a cargo del Área de Publicaciones ; diagramación y diseño de portada por Carolina Victoria Martínez Paniagua.
250 _aPrimera edición del AGN.
264 _aSanto Domingo, República Dominicana :
_bArchivo General de la Nación (AGN),
_c2025.
300 4 _a445 páginas :
_bilustraciones, retratos ;
_c23 x 15 cm.
336 _atexto
_btxt
_2rdacontent
337 _asin mediación
_bn
_2rdamedia
338 _avolumen
_bnc
_2rdacarrier
490 _aArchivo General de la Nación. Colección Juvenil ;
_vvolumen 36.
500 4 _aIncluye biografía del autor en la solapa.
500 4 _aIncluye índice.
590 _aInventariado, 2026/WG.
650 _947515
_aNarraciones dominicanas
650 7 _aLiteratura dominicana
_91994
700 _aMartínez Paniagua, Carolina Victoria
_ediagramación
_ediseño de portada
_999281
710 _aÁrea de Publicaciones
_ecuidado de edición
_ecorrección
_989658
942 _2ddc
_cLBS1
999 _c60790
_d60790